000 00480nam a22001817a 4500
005 20230224150338.0
008 230224b ||||| |||| 00| 0 eng d
020 _a9781108716444
040 _cAACR2
082 _a428.5 SUD
100 _aSudharshana, N.P and Savitha, C
_910187
245 _aEnglish for Engineers
250 _a1st
260 _aNew Delhi
_bCambridge University Press
_c2022
300 _aVII, 133p.
650 _aGeneral English
_914514
942 _2ddc
_cBK
999 _c194466
_d194466